[Event "SA-2011-0-00178"]
[Site "LSS email"]
[Date "2011.02.08"]
[Round "?"]
[White "Lin, Zhigen Wilson"]
[Black "Ramponelli, Roberto"]
[Result "1/2-1/2"]
[WhiteElo "2146"]
[BlackElo "2140"]
[PlyCount "52"]
[EventDate "2011.01.16"]
[EventType "tourn (corr)"]
[EventRounds "6"]
[EventCountry "GER"]
[SourceTitle "Telechess CBM 153"]
[Source "ChessBase"]
[SourceDate "2013.03.14"]
[SourceVersion "1"]
[SourceVersionDate "2013.03.14"]
[SourceQuality "1"]

1. d4 Nf6 2. c4 g6 3. Nc3 Bg7 4. e4 d6 5. Nf3 0-0 6. Be2 e5 7. 0-0 Nc6 8. d5 Ne7 9. b4 Nh5 10. Re1 f5 11. Ng5 Nf6 12. Bf3 c6 13. Bb2 h6 14. Ne6 Bxe6 15. dxe6 fxe4 16. Nxe4 Nxe4 17. Rxe4 d5 18. cxd5 cxd5 19. Rxe5 Bxe5 20. Bxe5 Qb6 21. Bb2 Rad8 22. a3 Qxe6 23. Qd4 Nf5 24. Qh8+ Kf7 25. Qh7+ Ke8 26. Qxb7 Rf7 1/2-1/2

[Event "SA-2011-0-00178"]
[Site "LSS email"]
[Date "2011.02.08"]
[Round "?"]
[White "Zielinski, Sergej"]
[Black "Lin, Zhigen Wilson"]
[Result "1/2-1/2"]
[WhiteElo "2136"]
[BlackElo "2146"]
[PlyCount "48"]
[EventDate "2011.01.16"]
[EventType "tourn (corr)"]
[EventRounds "6"]
[EventCountry "GER"]
[SourceTitle "Telechess CBM 153"]
[Source "ChessBase"]
[SourceDate "2013.03.14"]
[SourceVersion "1"]
[SourceVersionDate "2013.03.14"]
[SourceQuality "1"]

1. e4 e6 2. d4 d5 3. Nc3 Nf6 4. Bg5 dxe4 5. Nxe4 Be7 6. Bxf6 Bxf6 7. Nf3 Nd7 8. Bd3 c5 9. Nxf6+ Qxf6 10. c3 0-0 11. 0-0 cxd4 12. Nxd4 e5 13. Nb3 Qe7 14. Re1 Nf6 15. Qd2 Qc7 16. Rad1 Bd7 17. Bc2 Rfe8 18. Qd6 Rac8 19. f3 h6 20. Qxc7 Rxc7 21. Rd6 Kf8 22. Kf2 Be6 23. Nc1 Rd7 24. Rd3 Rxd3 1/2-1/2

[Event "Adelaide Checkmate op"]
[Site "Adelaide"]
[Date "2007.07.07"]
[Round "2"]
[White "Lin, Zhigen Wilson"]
[Black "Johansen, Darryl Keith"]
[Result "1/2-1/2"]
[WhiteElo "2097"]
[BlackElo "2445"]
[PlyCount "84"]
[EventDate "2007.07.07"]
[EventType "swiss"]
[EventRounds "7"]
[EventCountry "AUS"]
[SourceTitle "EXT 2010"]
[Source "ChessBase"]
[SourceDate "2010.11.25"]
[SourceVersion "1"]
[SourceVersionDate "2010.11.25"]
[SourceQuality "1"]

1. e4 e6 2. d4 d5 3. Nc3 Bb4 4. e5 Qd7 5. a3 Bf8 6. Nf3 b6 7. Bb5 c6 8. Ba4 Ba6 9. Ne2 Bb5 10. Bb3 Bc4 11. Bxc4 dxc4 12. 0-0 Ne7 13. Ng3 Nd5 14. Qe2 b5 15. Re1 Na6 16. Ne4 h6 17. Bd2 Be7 18. Rad1 0-0 19. h3 Rac8 20. Nh2 Kh7 21. Qh5 f5 22. exf6 Nxf6 23. Nxf6+ Rxf6 24. Qe2 Nc7 25. Ng4 Rf5 26. Ba5 Nd5 27. Qxe6 Qxe6 28. Rxe6 c3 29. Ne3 Rf7 30. Nxd5 cxd5 31. Bxc3 Bxa3 32. Re2 b4 33. bxa3 bxc3 34. Re5 Rd7 35. Rd3 Rc4 36. Kh2 Ra4 37. Rxc3 Rxd4 38. Rd3 Ra4 39. Rdxd5 Rxd5 40. Rxd5 Rxa3 41. Rd7 a5 42. Ra7 h5 1/2-1/2

[Event "Adelaide Checkmate op"]
[Site "Adelaide"]
[Date "2007.07.07"]
[Round "4"]
[White "Lin, Zhigen Wilson"]
[Black "Srdic, Goran"]
[Result "0-1"]
[WhiteElo "2097"]
[BlackElo "2006"]
[PlyCount "110"]
[EventDate "2007.07.07"]
[EventType "swiss"]
[EventRounds "7"]
[EventCountry "AUS"]
[SourceTitle "EXT 2010"]
[Source "ChessBase"]
[SourceDate "2010.11.25"]
[SourceVersion "1"]
[SourceVersionDate "2010.11.25"]
[SourceQuality "1"]

1. e4 e6 2. d4 d5 3. Nc3 Bb4 4. e5 c5 5. a3 Bxc3+ 6. bxc3 Ne7 7. Qg4 0-0 8. Bd3 Qa5 9. Bd2 Nbc6 10. Nf3 f5 11. Qh5 Bd7 12. Qh4 Qa4 13. dxc5 Qxh4 14. Nxh4 Nxe5 15. Bf4 Nf7 16. Nf3 Ng6 17. Bd2 e5 18. Be2 Rfc8 19. Rb1 Rab8 20. c4 Rxc5 21. cxd5 Rxc2 22. Bd1 Rc5 23. Bb4 Rxd5 24. Bb3 Rd3 25. Bc4 e4 26. Ng5 Nge5 27. Ba2 h6 28. Nxf7 Nxf7 29. 0-0 Bc6 30. h3 Bd5 31. Bxd5 Rxd5 32. Rfc1 Rbd8 33. Rc7 R8d7 34. Rbc1 Ne5 35. R1c2 Rxc7 36. Rxc7 Rd7 37. Rc8+ Kf7 38. Bc3 Nd3 39. Kf1 Nf4 40. Be1 Rd1 41. Rc7+ Kf6 42. Rxb7 Nd3 43. Kg1 Rxe1+ 44. Kh2 Nxf2 45. Rxa7 f4 46. g4 f3 47. Ra6+ Ke5 48. Ra5+ Kf4 49. Rf5+ Ke3 50. g5 h5 51. Kg3 Nh1+ 52. Kh2 h4 53. g6 Ng3 54. Rxf3+ Kxf3 55. a4 Rh1# 0-1

[Event "Sydney op"]
[Site "Parramatta"]
[Date "2007.04.14"]
[Round "8"]
[White "Camer, Angelito"]
[Black "Lin, Zhigen Wilson"]
[Result "0-1"]
[WhiteElo "2028"]
[BlackElo "2189"]
[PlyCount "60"]
[EventDate "2007.04.10"]
[EventType "swiss"]
[EventRounds "9"]
[EventCountry "AUS"]
[SourceTitle "EXT 2023"]
[Source "ChessBase"]
[SourceDate "2022.10.05"]
[SourceVersion "1"]
[SourceVersionDate "2022.10.05"]
[SourceQuality "1"]

1. d4 d5 2. Nf3 Nf6 3. e3 c5 4. c4 cxd4 5. exd4 e6 6. Nc3 Bb4 7. a3 Bxc3+ 8. bxc3 dxc4 9. Bxc4 Qc7 10. Qe2 Nbd7 11. 0-0 0-0 12. Bd2 b6 13. Bd3 Bb7 14. Rfe1 Rac8 15. a4 Nd5 16. Bb5 N7f6 17. Ba6 Nxc3 18. Bxc3 Bxa6 19. Qxa6 Qxc3 20. Qxa7 Nd5 21. Qa6 h6 22. Qb5 Rc4 23. Rad1 Rb4 24. Qd7 Qc2 25. Ra1 Nf4 26. Ne5 Ne2+ 27. Kh1 Rxd4 28. Rxe2 Qc3 29. Rb1 Rxd7 30. Nxd7 Qd3 0-1

[Event "Sydney op"]
[Site "Parramatta"]
[Date "2007.04.11"]
[Round "3"]
[White "Lin, Zhigen Wilson"]
[Black "Reid, Vanessa"]
[Result "1-0"]
[WhiteElo "2189"]
[BlackElo "1885"]
[PlyCount "45"]
[EventDate "2007.04.10"]
[EventType "swiss"]
[EventRounds "9"]
[EventCountry "AUS"]
[SourceTitle "CBM 117 Extra"]
[Source "ChessBase"]
[SourceDate "2007.05.09"]
[SourceVersion "1"]
[SourceVersionDate "2007.05.09"]
[SourceQuality "1"]

1. e4 e6 2. d4 d5 3. Nc3 Nf6 4. e5 Nfd7 5. f4 c5 6. Nf3 Nc6 7. Be3 f6 8. exf6 Nxf6 9. dxc5 Qa5 10. Nd2 Qc7 11. Nb3 Be7 12. Be2 0-0 13. 0-0 Bd7 14. Kh1 Rac8 15. Bf3 Na5 16. Nxa5 Qxa5 17. a3 Qc7 18. f5 Rfd8 19. fxe6 Bxe6 20. Qe2 Bf7 21. Nb5 Qa5 22. a4 a6 23. Bd2 1-0

[Event "Sydney op"]
[Site "Parramatta"]
[Date "2007.04.11"]
[Round "2"]
[White "Mikhalevski, Victor"]
[Black "Lin, Zhigen Wilson"]
[Result "1-0"]
[WhiteElo "2590"]
[BlackElo "2189"]
[PlyCount "89"]
[EventDate "2007.04.10"]
[EventType "swiss"]
[EventRounds "9"]
[EventCountry "AUS"]
[SourceTitle "CBM 117 Extra"]
[Source "ChessBase"]
[SourceDate "2007.05.09"]
[SourceVersion "1"]
[SourceVersionDate "2007.05.09"]
[SourceQuality "1"]

1. d4 d5 2. c4 e6 3. Nf3 Nf6 4. g3 dxc4 5. Bg2 a6 6. 0-0 b5 7. Ne5 Nd5 8. a4 Bb7 9. e4 Nf6 10. axb5 axb5 11. Rxa8 Bxa8 12. Nc3 c6 13. Be3 Be7 14. Qa1 Nbd7 15. Nxd7 Nxd7 16. d5 cxd5 17. exd5 b4 18. dxe6 Bxg2 19. exd7+ Qxd7 20. Kxg2 bxc3 21. Qa8+ Qd8 22. Qc6+ Qd7 23. Qa8+ Qd8 24. Qxd8+ Bxd8 25. bxc3 Bf6 26. Bd4 Bxd4 27. Re1+ Kd7 28. Rd1 Rc8 29. Rxd4+ Ke6 30. Kf3 Rc5 31. Re4+ Kd6 32. Ke3 Rc7 33. Kd4 f6 34. f4 Ra7 35. Kxc4 Ra2 36. h4 f5 37. Re3 Ra4+ 38. Kb5 Ra1 39. Rd3+ Kc7 40. c4 g6 41. Re3 Rb1+ 42. Kc5 Kd7 43. Ra3 Rb7 44. Kd5 Kc7 45. c5 1-0

[Event "Sydney op"]
[Site "Parramatta"]
[Date "2007.04.10"]
[Round "1"]
[White "Lin, Zhigen Wilson"]
[Black "Nakauchi, Gene"]
[Result "1-0"]
[WhiteElo "2189"]
[BlackElo "1703"]
[PlyCount "115"]
[EventDate "2007.04.10"]
[EventType "swiss"]
[EventRounds "9"]
[EventCountry "AUS"]
[SourceTitle "EXT 2023"]
[Source "ChessBase"]
[SourceDate "2022.10.05"]
[SourceVersion "1"]
[SourceVersionDate "2022.10.05"]
[SourceQuality "1"]

1. e4 c5 2. Nf3 e6 3. c3 d5 4. exd5 Qxd5 5. d4 Nf6 6. Be3 Ng4 7. Nbd2 Nc6 8. Bc4 Qd8 9. 0-0 Be7 10. Qe2 Nxe3 11. fxe3 0-0 12. Bd3 Bd7 13. Nc4 Be8 14. Rad1 Qc7 15. dxc5 f6 16. Nd6 Bxd6 17. cxd6 Qb6 18. Kh1 Bf7 19. Be4 Rad8 20. Rd2 Nb8 21. Rfd1 Nd7 22. b4 g6 23. a3 a5 24. Rb2 Nb8 25. Qd2 f5 26. Bb1 axb4 27. axb4 Nc6 28. c4 h6 29. c5 Qa7 30. Qe1 Qa3 31. Qd2 g5 32. Nd4 Nxd4 33. Qxd4 Rfe8 34. Qe5 Qa4 35. Bc2 Qc6 36. Ra2 Ra8 37. Rxa8 Rxa8 38. Qf6 Qd7 39. Qxh6 g4 40. e4 Ra2 41. Bb1 Rb2 42. Qg5+ Kf8 43. Qh6+ Kg8 44. exf5 Rxb4 45. fxe6 Bxe6 46. Bh7+ Qxh7 47. Qxe6+ Kh8 48. Qe8+ Kg7 49. Qe7+ Kg6 50. Qxh7+ Kxh7 51. d7 b6 52. d8Q bxc5 53. Qg5 Rb7 54. Qf5+ Kh6 55. Rd6+ Kg7 56. Rg6+ Kh8 57. Qf8+ Kh7 58. Qg8# 1-0

[Event "AUS-ch U18"]
[Site "Canberra"]
[Date "2007.01.19"]
[Round "5"]
[White "Lin, Zhigen Wilson"]
[Black "Illingworth, Max"]
[Result "1/2-1/2"]
[WhiteElo "2084"]
[BlackElo "2096"]
[PlyCount "90"]
[EventDate "2007.01.14"]
[EventType "swiss"]
[EventRounds "11"]
[EventCountry "AUS"]
[SourceTitle "EXT 2008"]
[Source "ChessBase"]
[SourceDate "2007.11.25"]
[SourceVersion "1"]
[SourceVersionDate "2007.11.25"]
[SourceQuality "1"]

1. e4 c5 2. Nf3 Nc6 3. Bb5 g6 4. 0-0 Bg7 5. c3 Nf6 6. Qa4 0-0 7. d4 cxd4 8. cxd4 d5 9. e5 Nd7 10. Bxc6 Nb6 11. Qa5 bxc6 12. b3 c5 13. Qxc5 Bg4 14. Nbd2 Rc8 15. Qa5 Qd7 16. Ba3 Rc2 17. Rfc1 Rfc8 18. Bc5 Rxc1+ 19. Rxc1 Bh6 20. Re1 Qb7 21. Qb4 e6 22. h3 Bf5 23. Qb5 Bf4 24. Nf1 Rc6 25. Ne3 a6 26. Qb4 Bh6 27. Nd2 Bd3 28. Qc3 Bb5 29. Ng4 Bg7 30. a4 Bxa4 31. bxa4 Nxa4 32. Qa5 Nxc5 33. dxc5 Bf8 34. Rb1 Rxc5 35. Qxc5 Qxb1+ 36. Nxb1 Bxc5 37. Nc3 Kf8 38. Kf1 Ke7 39. f4 h5 40. Nf6 Bd4 41. Na4 Be3 42. g3 h4 43. Ke2 Bc1 44. Kf3 hxg3 45. Kxg3 Be3 1/2-1/2

[Event "AUS-ch U18"]
[Site "Canberra"]
[Date "2007.01.14"]
[Round "1"]
[White "Lin, Zhigen Wilson"]
[Black "Ivancic, Fabian"]
[Result "1-0"]
[WhiteElo "2084"]
[BlackElo "1302"]
[PlyCount "41"]
[EventDate "2007.01.14"]
[EventType "swiss"]
[EventRounds "11"]
[EventCountry "AUS"]
[SourceTitle "EXT 2008"]
[Source "ChessBase"]
[SourceDate "2007.11.25"]
[SourceVersion "1"]
[SourceVersionDate "2007.11.25"]
[SourceQuality "1"]

1. e4 e5 2. Nf3 Nc6 3. Bb5 a6 4. Ba4 Nf6 5. 0-0 Bc5 6. c3 0-0 7. d4 exd4 8. cxd4 Ba7 9. e5 Nd5 10. Bc2 d6 11. Bg5 Nce7 12. h3 Be6 13. a3 Qd7 14. Nc3 Nxc3 15. bxc3 d5 16. Nh4 Nf5 17. Qd3 g6 18. Qd2 h5 19. Bf6 Kh7 20. Qg5 Nxh4 21. Qxh5+ 1-0

[Event "Australian op"]
[Site "Tuggeranong"]
[Date "2007.01.05"]
[Round "8"]
[White "Morris, Michael"]
[Black "Lin, Zhigen Wilson"]
[Result "1-0"]
[WhiteElo "1819"]
[BlackElo "2066"]
[PlyCount "81"]
[EventDate "2006.12.28"]
[EventType "swiss"]
[EventRounds "11"]
[EventCountry "AUS"]
[SourceTitle "CBM 116 Extra"]
[Source "ChessBase"]
[SourceDate "2007.03.07"]
[SourceVersion "1"]
[SourceVersionDate "2007.03.07"]
[SourceQuality "1"]

1. e4 e6 2. d3 d5 3. Nd2 Nf6 4. Ngf3 b6 5. g3 dxe4 6. dxe4 Bc5 7. Bd3 e5 8. Nb3 Bd6 9. Qe2 0-0 10. h3 Bb7 11. Bg5 a5 12. a4 Nbd7 13. 0-0 h6 14. Bd2 Re8 15. Rfd1 Qc8 16. Kh2 Bc6 17. Nh4 Qb7 18. f3 Nc5 19. Nxc5 Bxc5 20. Bb5 Bxb5 21. Qxb5 c6 22. Qe2 Bf8 23. b3 Rad8 24. Bc3 Qc7 25. Nf5 Nd7 26. Rd2 Nc5 27. Rad1 Ne6 28. Kg2 Bc5 29. Rxd8 Rxd8 30. Rxd8+ Nxd8 31. f4 f6 32. fxe5 fxe5 33. Bxa5 Kh7 34. Bd2 Ne6 35. c3 Bf8 36. Be3 g6 37. Nh4 c5 38. Qf3 Bg7 39. Nxg6 Qd7 40. Nxe5 Qe7 41. Qf5+ 1-0

[Event "Australian op"]
[Site "Tuggeranong"]
[Date "2006.12.30"]
[Round "3"]
[White "Suttor, Vincent"]
[Black "Lin, Zhigen Wilson"]
[Result "1/2-1/2"]
[WhiteElo "2128"]
[BlackElo "2066"]
[PlyCount "238"]
[EventDate "2006.12.28"]
[EventType "swiss"]
[EventRounds "11"]
[EventCountry "AUS"]
[SourceTitle "CBM 116 Extra"]
[Source "ChessBase"]
[SourceDate "2007.03.07"]
[SourceVersion "1"]
[SourceVersionDate "2007.03.07"]
[SourceQuality "1"]

1. d4 d5 2. c4 e6 3. Nc3 Nf6 4. cxd5 exd5 5. Bg5 c6 6. e3 Be7 7. Bd3 Nbd7 8. Nf3 0-0 9. Qc2 Re8 10. 0-0 Nf8 11. Rab1 a5 12. a3 Bd6 13. b4 axb4 14. axb4 Bg4 15. Nd2 Bh5 16. h3 Bg6 17. b5 h6 18. Bxf6 Qxf6 19. bxc6 Bxd3 20. Qxd3 bxc6 21. Rfc1 Ng6 22. Nf3 Nh4 23. Nxh4 Qxh4 24. Qf1 Re6 25. Ne2 Rg6 26. Kh1 Rf6 27. Kg1 Ra2 28. Ra1 Rb2 29. Rcb1 Rc2 30. Rc1 Rb2 31. Rab1 Rxb1 32. Rxb1 Rg6 33. Kh1 Rf6 34. Kg1 Rg6 35. Kh1 Rf6 36. Kg1 Rg6 37. Kh1 Rf6 38. Kg1 Rg6 39. Kh1 Rf6 40. Kg1 Rg6 41. Kh1 Rf6 42. Kg1 Rg6 43. Kh1 Rf6 44. Kg1 Rg6 45. Kh1 Rf6 46. Kg1 Rg6 47. Kh1 Rf6 48. Kg1 Rg6 49. Kh1 Rf6 50. Kg1 Rg6 51. Kh1 Rf6 52. Kg1 Rg6 53. Kh1 Rf6 54. Kg1 Rg6 55. Kh1 Rf6 56. Kg1 Rg6 57. Kh1 Rf6 58. Kg1 Rg6 59. Kh1 Rf6 60. Kg1 Rg6 61. Kh1 Rf6 62. Kg1 Kh7 63. Rc1 Bc7 64. Nc3 Ba5 65. Nd1 Qe4 66. Ra1 Bc7 67. Nb2 c5 68. dxc5 Qe5 69. Qb1+ g6 70. g3 Qe6 71. Kg2 Qc6 72. Qc2 d4+ 73. e4 d3 74. Qxd3 Qxc5 75. Qe2 Qc3 76. Rf1 Be5 77. Nd3 Bd4 78. Nf4 Rc6 79. h4 Qc2 80. Re1 Qxe2 81. Rxe2 h5 82. Rd2 Rc4 83. Nd5 Bc5 84. Kf3 Kg7 85. Ra2 Rc1 86. Ke2 Rc4 87. Kf3 Rd4 88. Rc2 Bd6 89. Ke3 Ra4 90. Nf4 Bxf4+ 91. Kxf4 Rb4 92. Rd2 Ra4 93. f3 Rb4 94. Rd3 Ra4 95. Re3 Kf6 96. g4 hxg4 97. fxg4 Ra1 98. e5+ Ke6 99. Re4 f6 100. exf6+ Kxf6 101. g5+ Kf7 102. Rd4 Rf1+ 103. Ke5 Re1+ 104. Kd5 Kg7 105. Kd6 Kf7 106. Kc7 Rc1+ 107. Kd8 Re1 108. Rd7+ Kf8 109. Rh7 Rd1+ 110. Kc7 Rd4 111. Kc6 Kg8 112. Kc5 Rg4 113. Rh6 Kg7 114. Kd5 Rg1 115. Ke4 Rf1 116. h5 gxh5 117. Rxh5 Kg6 118. Rh8 Kxg5 119. Rg8+ Kh6 1/2-1/2

[Event "Australian Masters-B"]
[Site "Melbourne"]
[Date "2006.12.21"]
[Round "7"]
[White "Davis, Tony J"]
[Black "Lin, Zhigen Wilson"]
[Result "1-0"]
[WhiteElo "1972"]
[BlackElo "2066"]
[PlyCount "107"]
[EventDate "2006.12.15"]
[EventType "tourn"]
[EventRounds "9"]
[EventCountry "AUS"]
[SourceTitle "EXT 2010"]
[Source "ChessBase"]
[SourceDate "2010.11.25"]
[SourceVersion "1"]
[SourceVersionDate "2010.11.25"]
[SourceQuality "1"]

1. d4 d5 2. Nc3 Nf6 3. Bg5 Nbd7 4. Qd3 c5 5. e4 cxd4 6. Qxd4 e5 7. Qa4 d4 8. Nd5 Be7 9. Bxf6 Bxf6 10. Nxf6+ Qxf6 11. Nf3 0-0 12. Bd3 Rd8 13. Qa5 b6 14. Qd2 h6 15. h3 Nc5 16. Nh2 Qh4 17. Qe2 Be6 18. Nf3 Qf6 19. a3 Rac8 20. 0-0 Rc7 21. Ne1 g5 22. Qf3 Qg6 23. Qe2 Bc8 24. a4 a5 25. Ra3 Ne6 26. g3 Nc5 27. Kh2 Bd7 28. f4 g4 29. fxe5 Qh5 30. Qf2 Qxh3+ 31. Kg1 Bc6 32. Qf4 Ne6 33. Qf6 Qxg3+ 34. Ng2 Qh3 35. Bc4 g3 36. Rxg3+ Qxg3 37. Bxe6 Rf8 38. Bf5 Ba8 39. Rf4 Rc6 40. e6 h5 41. Qh6 Qg7 42. Qxh5 fxe6 43. Rg4 exf5 44. Rxg7+ Kxg7 45. exf5 Rxc2 46. Qg6+ Kh8 47. Qh6+ Kg8 48. Nf4 Rc6 49. Ne6 Rxe6 50. Qxe6+ Kg7 51. Qg6+ Kh8 52. Qh6+ Kg8 53. Qxb6 Rxf5 54. Qg6+ 1-0

[Event "Australian Masters-B"]
[Site "Melbourne"]
[Date "2006.12.20"]
[Round "6"]
[White "Lin, Zhigen Wilson"]
[Black "Rashid, Abdulwahab Ahmed"]
[Result "1/2-1/2"]
[WhiteElo "2066"]
[BlackElo "2213"]
[PlyCount "141"]
[EventDate "2006.12.15"]
[EventType "tourn"]
[EventRounds "9"]
[EventCountry "AUS"]
[SourceTitle "EXT 2010"]
[Source "ChessBase"]
[SourceDate "2010.11.25"]
[SourceVersion "1"]
[SourceVersionDate "2010.11.25"]
[SourceQuality "1"]

1. e4 e6 2. d4 d5 3. Nc3 dxe4 4. Nxe4 Nd7 5. g3 Ngf6 6. Nxf6+ Nxf6 7. Bg2 c5 8. Ne2 Be7 9. 0-0 0-0 10. c4 cxd4 11. Nxd4 a6 12. h3 Qc7 13. Qe2 e5 14. Nc2 Be6 15. b3 Rad8 16. Bb2 Nd7 17. Ne3 Rfe8 18. Nd5 Qb8 19. Nxe7+ Rxe7 20. Rad1 f6 21. Ba3 Ree8 22. Bd6 Qc8 23. Kh2 Nb8 24. Qb2 Nc6 25. f4 exf4 26. Bxf4 Rxd1 27. Rxd1 Rd8 28. Rd6 Rxd6 29. Bxd6 Qd7 30. c5 Qf7 31. Qe2 Bd7 32. Qd3 Qe8 33. b4 Kh8 34. b5 axb5 35. Qxb5 Qc8 36. Qb6 g5 37. Qb2 Kg7 38. h4 h6 39. Be4 Be8 40. Bf8+ Kxf8 41. Qxf6+ Bf7 42. Qh8+ Bg8 43. Qxh6+ Ke7 44. Qxg5+ Kf8 45. Qf6+ Bf7 46. Qh8+ Bg8 47. Qh6+ Ke7 48. Qg5+ Kf8 49. Qh6+ Ke7 50. Qd6+ Ke8 51. a4 Bf7 52. Kg2 Qa8 53. Bxc6+ bxc6 54. Qe5+ Kd7 55. Qd6+ Ke8 56. Qe5+ Kd7 57. Qf5+ Ke7 58. Qe4+ Kd7 59. Qf5+ Ke7 60. Qe4+ Kd7 61. Kh2 Qh8 62. Qd3+ Bd5 63. Qf5+ Kc7 64. Qf4+ Kb7 65. Qb4+ Ka8 66. Qa5+ Kb7 67. Qb4+ Ka8 68. Qa5+ Kb7 69. Qb4+ Ka8 70. Qa5+ Kb7 71. Qb4+ 1/2-1/2

[Event "Australian Masters-B"]
[Site "Melbourne"]
[Date "2006.12.18"]
[Round "4"]
[White "Ferris, Shaun"]
[Black "Lin, Zhigen Wilson"]
[Result "0-1"]
[WhiteElo "1889"]
[BlackElo "2066"]
[PlyCount "48"]
[EventDate "2006.12.15"]
[EventType "tourn"]
[EventRounds "9"]
[EventCountry "AUS"]
[SourceTitle "EXT 2010"]
[Source "ChessBase"]
[SourceDate "2010.11.25"]
[SourceVersion "1"]
[SourceVersionDate "2010.11.25"]
[SourceQuality "1"]

1. c4 e5 2. Nc3 Nf6 3. Nf3 Nc6 4. g3 Bb4 5. Nd5 Bc5 6. d3 Nxd5 7. cxd5 Nd4 8. Bg2 Nxf3+ 9. Bxf3 0-0 10. 0-0 d6 11. Bg2 f5 12. Be3 Bb6 13. Bxb6 axb6 14. f4 exf4 15. gxf4 Qh4 16. e3 Bd7 17. Qc1 Rac8 18. Qc4 Rf6 19. Rf2 Rg6 20. Rc1 Qh3 21. e4 b5 22. Qb3 Rxg2+ 23. Rxg2 Qe3+ 24. Kh1 Qxc1+ 0-1

[Event "Victoria-ch reserves"]
[Site "Melbourne"]
[Date "2006.11.11"]
[Round "14"]
[White "Kildisas, Victor E"]
[Black "Lin, Zhigen Wilson"]
[Result "0-1"]
[WhiteElo "1885"]
[BlackElo "1886"]
[PlyCount "108"]
[EventDate "2006.10.05"]
[EventType "tourn"]
[EventRounds "8"]
[EventCountry "AUS"]
[SourceTitle "EXT 2008"]
[Source "ChessBase"]
[SourceDate "2007.11.25"]
[SourceVersion "1"]
[SourceVersionDate "2007.11.25"]
[SourceQuality "1"]

1. e4 e6 2. Qe2 d5 3. exd5 Qxd5 4. Nc3 Qd8 5. Nf3 c5 6. g3 Ne7 7. Bg2 Nf5 8. 0-0 Nc6 9. d3 Be7 10. Ne4 Ncd4 11. Qd1 Nxf3+ 12. Qxf3 Bd7 13. c3 Bc6 14. Rd1 0-0 15. Qh5 Rc8 16. Bf4 b6 17. b3 Bd5 18. Bh3 Nd6 19. c4 Bb7 20. Be5 f5 21. Bxd6 Bxd6 22. Ng5 h6 23. Nxe6 Qe8 24. Qxe8 Rfxe8 25. Bxf5 g6 26. Bh3 Kf7 27. Re1 Kf6 28. Nf4 Rcd8 29. Rxe8 Rxe8 30. Bg2 Bxg2 31. Nxg2 Re2 32. Kf1 Rd2 33. Ne3 Kf7 34. a4 Be5 35. Rb1 Bd4 36. h4 h5 37. b4 cxb4 38. Rxb4 Rxd3 39. Ke2 Ra3 40. c5 Bxc5 41. Rc4 Ra2+ 42. Kf3 Kg7 43. Re4 a6 44. Rc4 a5 45. Nc2 Kh6 46. Kg2 Bb4 47. Nxb4 Rxa4 48. Kf3 Rxb4 49. Rxb4 axb4 50. Ke4 Kg7 51. Kd4 Kf6 52. f3 b3 53. Kc3 Ke5 54. Kxb3 Kd4 0-1

[Event "Wch U18"]
[Site "Batumi"]
[Date "2006.10.21"]
[Round "3"]
[White "Lin, Zhigen Wilson"]
[Black "Wang, David"]
[Result "0-1"]
[WhiteElo "2066"]
[BlackElo "2206"]
[PlyCount "54"]
[EventDate "2006.10.19"]
[EventType "swiss"]
[EventRounds "11"]
[EventCountry "GEO"]
[SourceTitle "EXT 2007"]
[Source "ChessBase"]
[SourceDate "2006.11.23"]
[SourceVersion "1"]
[SourceVersionDate "2006.11.23"]
[SourceQuality "1"]

1. e4 c5 2. Nf3 Nc6 3. Bb5 g6 4. Bxc6 dxc6 5. d3 Bg7 6. h3 Nf6 7. Nc3 0-0 8. Be3 Nd7 9. Qd2 Re8 10. Bh6 Bh8 11. Ng5 Qb6 12. 0-0-0 Qa5 13. Kb1 b5 14. h4 c4 15. h5 b4 16. hxg6 hxg6 17. Qf4 f6 18. Qh4 fxg5 19. Bxg5 Bg7 20. Qh7+ Kf7 21. Bh6 Rg8 22. e5 Nf8 23. e6+ Bxe6 24. Qxg8+ Kxg8 25. Bxg7 Kxg7 26. Ne4 c3 27. a3 cxb2 0-1

[Event "Victoria-ch reserves"]
[Site "Melbourne"]
[Date "2006.10.07"]
[Round "2"]
[White "Lin, Zhigen Wilson"]
[Black "Morris, James"]
[Result "1/2-1/2"]
[WhiteElo "1886"]
[BlackElo "1850"]
[PlyCount "46"]
[EventDate "2006.10.05"]
[EventType "tourn"]
[EventRounds "8"]
[EventCountry "AUS"]
[SourceTitle "EXT 2008"]
[Source "ChessBase"]
[SourceDate "2007.11.25"]
[SourceVersion "1"]
[SourceVersionDate "2007.11.25"]
[SourceQuality "1"]

1. e4 e6 2. d4 d5 3. Nc3 Nf6 4. e5 Nfd7 5. f4 c5 6. Nf3 Nc6 7. Be3 Be7 8. dxc5 Nxc5 9. Qd2 Bd7 10. Nd4 Nxd4 11. Bxd4 Rc8 12. Bd3 Qb6 13. Ne2 Nxd3+ 14. cxd3 Bc5 15. Bxc5 Rxc5 16. d4 Rc8 17. 0-0 Bb5 18. Rfc1 Kd7 19. Nc3 Rc4 20. Nxb5 Qxb5 21. b3 Rxc1+ 22. Rxc1 Rc8 23. Rxc8 Kxc8 1/2-1/2

[Event "Doeberl Cup 44th"]
[Site "Canberra"]
[Date "2006.04.14"]
[Round "2"]
[White "Lin, Zhigen Wilson"]
[Black "Hacche, David"]
[Result "0-1"]
[WhiteElo "1904"]
[BlackElo "2089"]
[PlyCount "90"]
[EventDate "2006.04.14"]
[EventType "swiss"]
[EventRounds "7"]
[EventCountry "AUS"]
[SourceTitle "CBM 111 Extra"]
[Source "ChessBase"]
[SourceDate "2006.05.09"]
[SourceVersion "1"]
[SourceVersionDate "2006.05.09"]
[SourceQuality "1"]

1. e4 g6 2. d4 Bg7 3. Nc3 d6 4. Be3 a6 5. Qd2 Nd7 6. Bd3 c5 7. Nf3 b5 8. a4 b4 9. Ne2 Qc7 10. Ng3 Bb7 11. c3 a5 12. dxc5 bxc3 13. bxc3 Nxc5 14. Bb5+ Kf8 15. Qc2 Nf6 16. Nd2 h5 17. f3 d5 18. exd5 Bxd5 19. 0-0 h4 20. Nge4 Ncxe4 21. fxe4 Ng4 22. Bf4 Qc5+ 23. Kh1 Be6 24. Nf3 Rh5 25. h3 Ne3 26. Bxe3 Qxe3 27. Rac1 Kg8 28. Nd4 Bxd4 29. Rf3 Qh6 30. cxd4 Rc8 31. Rc3 Rxc3 32. Qxc3 Rg5 33. Qd2 Bxh3 34. Rc5 f5 35. Qa2+ Kg7 36. gxh3 Rg3 37. Bf1 Qe3 38. Bg2 Qe1+ 39. Kh2 Re3 40. Rc1 Qxc1 41. Qe6 Qc7+ 42. e5 Re2 43. Kh1 Qc1+ 44. Kh2 Qf4+ 45. Kh1 Re1+ 0-1

[Event "Doeberl Cup 44th"]
[Site "Canberra"]
[Date "2006.04.14"]
[Round "1"]
[White "Xie, George Wendi"]
[Black "Lin, Zhigen Wilson"]
[Result "1/2-1/2"]
[WhiteElo "2376"]
[BlackElo "1904"]
[PlyCount "105"]
[EventDate "2006.04.14"]
[EventType "swiss"]
[EventRounds "7"]
[EventCountry "AUS"]
[SourceTitle "CBM 111 Extra"]
[Source "ChessBase"]
[SourceDate "2006.05.09"]
[SourceVersion "1"]
[SourceVersionDate "2006.05.09"]
[SourceQuality "1"]

1. e4 e6 2. d4 d5 3. Nc3 Nf6 4. Bg5 dxe4 5. Nxe4 Be7 6. Bxf6 Bxf6 7. Nf3 Nd7 8. Qd2 0-0 9. 0-0-0 Be7 10. Kb1 b6 11. Bc4 Bb7 12. Rhe1 Nf6 13. Nfg5 c5 14. Qe3 Nxe4 15. Nxe4 cxd4 16. Rxd4 Qc7 17. Ng5 Bf6 18. Rg4 h6 19. Ne4 Qe5 20. Nxf6+ Qxf6 21. Rf4 Qg5 22. h4 Qc5 23. Qxc5 bxc5 24. Bf1 Rfd8 25. Rc4 Rac8 26. Kc1 Rd4 27. g3 Bd5 28. Rc3 Kf8 29. Ra3 Rc7 30. Ra5 Bf3 31. Ra3 Re4 32. Rxe4 Bxe4 33. Rc3 Ke7 34. Be2 Bd5 35. a3 Kd6 36. Rd3 c4 37. Rd1 Kc5 38. Kd2 Kd4 39. Rb1 a5 40. h5 c3+ 41. bxc3+ Rxc3 42. a4 Be4 43. Bd1 Rc7 44. Rb5 Rc5 45. Rb8 Ke5 46. f4+ Kf6 47. Rb5 Rd5+ 48. Kc1 Ke7 49. Rb7+ Rd7 50. Rb5 Rd5 51. Rb7+ Rd7 52. Rb5 Rd5 53. Rb7+ 1/2-1/2